[Event "Rated Blitz game"]
[Site "?"]
[Date "2021.05.09"]
[Round "?"]
[White "SureDo"]
[Black "jsequera"]
[Result "0-1"]
[WhiteElo "2316"]
[BlackElo "2469"]
[PlyCount "42"]
[EventDate "2021.??.??"]
[EventType "blitz"]

1. e4 e5 2. Nf3 d5 3. Nxe5 Bd6 4. d4 dxe4 5. Nc4 Nc6 6. Be2 Nxd4 7. Nc3 Bb4 8.
O-O Bxc3 9. bxc3 Nxe2+ 10. Qxe2 Nf6 11. Ba3 Bg4 12. f3 Be6 13. Rad1 Qc8 14.
fxe4 b6 15. Rxf6 gxf6 16. Qf2 Bxc4 17. Qxf6 c5 18. Qxh8+ Ke7 19. Qxh7 Qg4 20.
Rd2 Qg5 21. Bc1 Qe3+ {Normal} 0-1

[Event "Rated Blitz game"]
[Site "?"]
[Date "2021.05.09"]
[Round "?"]
[White "labestia2017"]
[Black "artsportscience"]
[Result "1-0"]
[WhiteElo "2463"]
[BlackElo "2381"]
[PlyCount "23"]
[EventDate "2021.??.??"]
[EventType "blitz"]

1. e4 e5 2. Nf3 d5 3. Nxe5 Bd6 4. d4 dxe4 5. Qh5 Be6 6. Nc3 Nf6 7. Qe2 Bf5 8.
Qb5+ Nbd7 9. Nxf7 Kxf7 10. Qxf5 Rf8 11. Bc4+ Ke7 12. Qe6# {Normal} 1-0

[Event "Rated Blitz game"]
[Site "?"]
[Date "2021.05.09"]
[Round "?"]
[White "walaasarwat"]
[Black "Taabling"]
[Result "1-0"]
[WhiteElo "2451"]
[BlackElo "2469"]
[PlyCount "55"]
[EventDate "2021.??.??"]
[EventType "blitz"]

1. e4 e5 2. Nf3 d5 3. exd5 Bd6 4. Bb5+ c6 5. dxc6 Nxc6 6. d3 Nf6 7. Nc3 O-O 8.
Bg5 Bg4 9. Bxf6 gxf6 10. Bxc6 bxc6 11. h3 Bh5 12. g4 Bg6 13. Qe2 Rb8 14. Rb1
Qa5 15. O-O f5 16. Nh4 fxg4 17. hxg4 f5 18. gxf5 Bf7 19. Kh1 Kh8 20. Rg1 Bc5
21. Ne4 Bd5 22. Qg4 Rg8 23. Qh5 Bxf2 24. Ng6+ Rxg6 25. fxg6 Rb7 26. Qxe5+ Rg7
27. Qe8+ Rg8 28. g7# {Normal} 1-0

[Event "Rated Blitz game"]
[Site "?"]
[Date "2021.05.09"]
[Round "?"]
[White "dbestsmiles"]
[Black "DonCroccante"]
[Result "1-0"]
[WhiteElo "2499"]
[BlackElo "2386"]
[PlyCount "137"]
[EventDate "2021.??.??"]
[EventType "blitz"]

1. e4 e5 2. Nf3 d5 3. Nxe5 Bd6 4. d4 dxe4 5. Bc4 Bxe5 6. Qh5 Qe7 7. Qxe5 Qxe5
8. dxe5 Nc6 9. Bf4 Nge7 10. e6 Bxe6 11. Bxe6 fxe6 12. Nc3 Nd5 13. Bd2 Nd4 14.
Rc1 Nb4 15. O-O Nbxc2 16. Nxe4 Ne2+ 17. Kh1 Nxc1 18. Rxc1 Nd4 19. Rxc7 O-O 20.
Bc3 e5 21. Rxb7 Rf7 22. Rb4 Rd7 23. h3 h6 24. Kh2 Rf8 25. Rc4 Rff7 26. Rc8+ Kh7
27. Rc4 Rc7 28. Ra4 Ne2 29. Bxe5 Rce7 30. Ra5 Rf5 31. Bd6 Rxa5 32. Bxe7 Rxa2
33. Ba3 Nc1 34. Nc3 Nd3 35. Nxa2 Nxf2 36. Bc5 Ne4 37. Bxa7 g5 38. b4 Kg6 39. b5
Nd6 40. b6 Nb7 41. Nb4 Kf5 42. Kg3 h5 43. Nc6 Ke4 44. Ne7 Ke5 45. Ng6+ Kf5 46.
Nf8 h4+ 47. Kf2 Nc5 48. Kf3 Nb7 49. Nd7 Ke6 50. Nb8 Kd5 51. Nc6 Kxc6 52. Kg4
Kd5 53. Kxg5 Ke6 54. Kxh4 Kf7 55. Kg3 Kg8 56. Kf2 Kg7 57. g3 Kg8 58. h4 Kg7 59.
Kf3 Kg8 60. g4 Kg7 61. Kg3 Kg8 62. h5 Kg7 63. g5 Kg8 64. Kg4 Kg7 65. Bb8 Kg8
66. Be5 Kh7 67. g6+ Kg8 68. h6 Nc5 69. h7+ {Time forfeit} 1-0

[Event "Rated Blitz tournament UP9o8PyD"]
[Site "?"]
[Date "2021.05.09"]
[Round "?"]
[White "Arad_Nazari"]
[Black "cuerosky"]
[Result "1-0"]
[WhiteElo "2514"]
[BlackElo "2307"]
[PlyCount "57"]
[EventDate "2021.??.??"]
[EventType "blitz"]

1. e4 e5 2. Nf3 d5 3. exd5 e4 4. Qe2 Nf6 5. Nc3 Be7 6. Nxe4 O-O 7. d3 Re8 8.
Be3 Nxd5 9. g3 f5 10. Nc3 Bb4 11. Qd2 Qf6 12. d4 f4 13. gxf4 Bg4 14. Ne5 Bf5
15. Bc4 c6 16. a3 Bxc3 17. Bxd5+ cxd5 18. Qxc3 Be4 19. f3 Qh4+ 20. Bf2 Qxf4 21.
fxe4 Qxe4+ 22. Kd2 Nc6 23. Rae1 Qf4+ 24. Qe3 Qf5 25. Bg3 Rac8 26. c3 Na5 27.
Qd3 Qg5+ 28. Kc2 Nc4 29. Nxc4 {Normal} 1-0

[Event "Rated Blitz tournament 4ja4glRM"]
[Site "?"]
[Date "2021.05.09"]
[Round "?"]
[White "Cyberforce"]
[Black "Maltinho"]
[Result "1/2-1/2"]
[WhiteElo "2640"]
[BlackElo "2503"]
[PlyCount "72"]
[EventDate "2021.??.??"]
[EventType "blitz"]

1. e4 e5 2. Nf3 d5 3. exd5 Bd6 4. Nc3 f6 5. d4 Nd7 6. Bb5 Ne7 7. O-O O-O 8. Re1
c6 9. dxc6 bxc6 10. Bc4+ Kh8 11. Ne4 Bc7 12. dxe5 Nxe5 13. Nxe5 Bxe5 14. Qxd8
Rxd8 15. c3 Rb8 16. Nc5 Nd5 17. Nd3 Nb6 18. Nxe5 fxe5 19. Bb3 Bf5 20. Be3 a5
21. Rad1 Rxd1 22. Rxd1 h6 23. Bxb6 Rxb6 24. Rd8+ Kh7 25. Bg8+ Kg6 26. b3 a4 27.
b4 c5 28. a3 cxb4 29. cxb4 Rc6 30. h3 Rc3 31. Rd6+ Kg5 32. Ra6 Rxa3 33. b5 Bd3
34. Ra5 Rb3 35. Rxa4 Rxb5 36. Rg4+ Kf6 {Normal} 1/2-1/2

[Event "Rated Blitz game"]
[Site "?"]
[Date "2021.05.09"]
[Round "?"]
[White "mandarria"]
[Black "Slimslik02"]
[Result "0-1"]
[WhiteElo "2421"]
[BlackElo "2320"]
[PlyCount "20"]
[EventDate "2021.??.??"]
[EventType "blitz"]

1. e4 e5 2. Nf3 d5 3. exd5 e4 4. Qe2 Nf6 5. d3 Bb4+ 6. c3 Ba5 7. dxe4 O-O 8.
Nbd2 Nxd5 9. exd5 Re8 10. Ne4 f5 {Time forfeit} 0-1

[Event "Rated Blitz tournament 4ja4glRM"]
[Site "?"]
[Date "2021.05.09"]
[Round "?"]
[White "FakeBruceLee"]
[Black "Maltinho"]
[Result "0-1"]
[WhiteElo "2658"]
[BlackElo "2500"]
[PlyCount "86"]
[EventDate "2021.??.??"]
[EventType "blitz"]

1. e4 e5 2. Nf3 d5 3. Nc3 d4 4. Ne2 f6 5. d3 Be6 6. g3 c5 7. Bg2 Nc6 8. O-O Bd6
9. Nh4 Nge7 10. f4 Qd7 11. a4 Bh3 12. Qe1 Bxg2 13. Kxg2 O-O-O 14. Qf2 exf4 15.
Bxf4 Bxf4 16. gxf4 f5 17. Nxf5 Nxf5 18. exf5 Qxf5 19. Ng3 Qd7 20. Rae1 Rde8 21.
Qf3 Nb4 22. c3 dxc3 23. bxc3 Nd5 24. c4 Nb4 25. Ne4 Qd4 26. f5 Rhf8 27. Qg3 Rd8
28. Rf3 Nxd3 29. Re2 Ne5 30. Rf1 Nxc4 31. Rfe1 a6 32. Rc2 Rd7 33. Rxc4 Qxc4 34.
Nd6+ Rxd6 35. Qxd6 Qc2+ 36. Kg1 Qxf5 37. Rc1 Qf2+ 38. Kh1 Qf3+ 39. Kg1 Qg4+ 40.
Kh1 Qe4+ 41. Kg1 Qe3+ 42. Kg2 Rf2+ 43. Kg1 Rc2+ {Normal} 0-1

[Event "Rated Blitz tournament ByIrS0Xn"]
[Site "?"]
[Date "2021.05.09"]
[Round "?"]
[White "bannartel"]
[Black "roger100"]
[Result "1-0"]
[WhiteElo "2400"]
[BlackElo "2259"]
[PlyCount "91"]
[EventDate "2021.??.??"]
[EventType "blitz"]

1. e4 e5 2. Nf3 d5 3. Nxe5 Nf6 4. d4 Bd6 5. exd5 O-O 6. Be2 c6 7. dxc6 Nxc6 8.
Nxc6 bxc6 9. h3 Re8 10. O-O Bc7 11. Nc3 Qd6 12. f4 c5 13. dxc5 Qxc5+ 14. Kh1
Bb7 15. Bf3 Rad8 16. Bxb7 Rxd1 17. Rxd1 Qf2 18. Bd2 g5 19. Nd5 Nxd5 20. Bxd5
gxf4 21. Bf3 Rd8 22. Bc3 Rxd1+ 23. Rxd1 f6 24. a4 Bb6 25. a5 Be3 26. Bxf6 Qxc2
27. Bc3 Kf7 28. Rf1 h6 29. Be5 Qd3 30. Rd1 Qc2 31. Bc3 Qf2 32. Bh5+ Ke6 33.
Bg4+ Ke7 34. Bb4+ Kf6 35. Bc3+ Kg5 36. Bf3 Kg6 37. Rd6+ Kf7 38. Rd7+ Ke8 39.
Rd1 Ke7 40. Bg4 Kf7 41. b4 Ke8 42. Bg7 f3 43. Bxf3 Qc2 44. Bf6 Bf4 45. Bh5+ Kf8
46. Rd8# {Normal} 1-0

[Event "Rated Blitz game"]
[Site "?"]
[Date "2021.05.09"]
[Round "?"]
[White "behxhetshala"]
[Black "KamranShirazi"]
[Result "0-1"]
[WhiteElo "2380"]
[BlackElo "2514"]
[PlyCount "64"]
[EventDate "2021.??.??"]
[EventType "blitz"]

1. e4 e5 2. Nf3 d5 3. Nxe5 Bd6 4. d4 dxe4 5. Nc4 Be7 6. Nc3 f5 7. h4 Nf6 8. Bg5
O-O 9. Ne5 Be6 10. Qd2 Nc6 11. O-O-O Nxe5 12. dxe5 Ng4 13. Qxd8 Bxd8 14. Bxd8
Raxd8 15. Rxd8 Rxd8 16. f3 exf3 17. gxf3 Nxe5 18. Be2 Kf7 19. Re1 Kf6 20. f4
Ng6 21. h5 Nxf4 22. Bf3 c6 23. Rf1 Nd5 24. Bxd5 Bxd5 25. b3 g5 26. hxg6 hxg6
27. a4 g5 28. b4 g4 29. b5 g3 30. Ne2 Bc4 31. Nxg3 Bxf1 32. Nxf1 cxb5 {Normal}
0-1

[Event "Rated Blitz game"]
[Site "?"]
[Date "2021.05.09"]
[Round "?"]
[White "JoseAvelino2002"]
[Black "KamranShirazi"]
[Result "0-1"]
[WhiteElo "2466"]
[BlackElo "2497"]
[PlyCount "150"]
[EventDate "2021.??.??"]
[EventType "blitz"]

1. e4 e5 2. Nf3 d5 3. Nxe5 Bd6 4. d4 dxe4 5. Bf4 Nc6 6. Nxc6 bxc6 7. Bg3 Rb8 8.
b3 Nf6 9. Bc4 Bg4 10. Qd2 O-O 11. O-O Re8 12. Re1 e3 13. Rxe3 Ne4 14. Qe1 Nxg3
15. hxg3 Rxe3 16. Qxe3 Qd7 17. Nd2 Re8 18. Qd3 Bf5 19. Qc3 Qe7 20. Nf3 Bb4 21.
Qb2 Ba3 22. Qc3 Bb4 23. Qb2 Ba3 24. Qc3 h6 25. Qd2 Bb4 26. c3 Bd6 27. Re1 Qd8
28. Rxe8+ Qxe8 29. Qe2 Qd8 30. Ne5 Bxe5 31. Qxe5 Bg6 32. f4 Qd7 33. Be2 Bb1 34.
a3 f6 35. Bc4+ Kf8 36. Qe6 Qxe6 37. Bxe6 Ke7 38. Bc4 Kd6 39. Kf2 c5 40. Ke3
cxd4+ 41. Kxd4 c5+ 42. Ke3 Ba2 43. Ke4 Bb1+ 44. Kf3 f5 45. b4 Be4+ 46. Kf2 g5
47. Be2 g4 48. Bf1 h5 49. Ke3 Kd5 50. c4+ Kd6 51. b5 Bb7 52. a4 a5 53. Bd3 Bxg2
54. Bxf5 Bb7 55. Be4 Bc8 56. Bg6 h4 57. gxh4 Ke7 58. h5 Kf6 59. Kf2 Bb7 60. Kg3
Bf3 61. b6 Bc6 62. Bd3 Kg7 63. Be2 Bxa4 64. Bxg4 Bc6 65. Bc8 a4 66. b7 Bxb7 67.
Bxb7 a3 68. f5 a2 69. f6+ Kxf6 70. h6 Kg6 71. Bf3 Kxh6 72. Be4 a1=Q 73. Kf4 Qd4
74. Kf5 Qxc4 75. Ke5 Qd4+ {Normal} 0-1

[Event "Rated Blitz game"]
[Site "?"]
[Date "2021.05.09"]
[Round "?"]
[White "nrm18"]
[Black "magos33"]
[Result "1-0"]
[WhiteElo "2403"]
[BlackElo "2347"]
[PlyCount "37"]
[EventDate "2021.??.??"]
[EventType "blitz"]

1. e4 e5 2. Nf3 d5 3. Nxe5 Bd6 4. Ng4 dxe4 5. d4 f5 6. Ne3 Nf6 7. Bc4 Qe7 8. g3
c6 9. Bb3 a5 10. a4 Be6 11. c3 Na6 12. Na3 f4 13. gxf4 Bxf4 14. Nac4 O-O 15.
Nf5 Qf7 16. Rg1 g6 17. Bxf4 Bxc4 18. Nh6+ Kg7 19. Nxf7 {Normal} 1-0

[Event "Rated Blitz game"]
[Site "?"]
[Date "2021.05.09"]
[Round "?"]
[White "destroyernumber1"]
[Black "olarovfan"]
[Result "0-1"]
[WhiteElo "2527"]
[BlackElo "2541"]
[PlyCount "34"]
[EventDate "2021.??.??"]
[EventType "blitz"]

1. e4 e5 2. Nf3 d5 3. exd5 e4 4. Qe2 Nf6 5. Nc3 Bf5 6. Nd4 Bg6 7. d3 Bb4 8.
dxe4 O-O 9. f3 Re8 10. Bd2 Bxc3 11. bxc3 Nxd5 12. exd5 Rxe2+ 13. Bxe2 Qxd5 14.
O-O Nc6 15. Be3 Re8 16. Nxc6 Rxe3 17. Nb4 Qc5 {Normal} 0-1

[Event "Rated Blitz tournament 4ja4glRM"]
[Site "?"]
[Date "2021.05.09"]
[Round "?"]
[White "VadimCernov"]
[Black "Maltinho"]
[Result "0-1"]
[WhiteElo "2588"]
[BlackElo "2505"]
[PlyCount "50"]
[EventDate "2021.??.??"]
[EventType "blitz"]

1. e4 e5 2. Nf3 d5 3. Nxe5 Bd6 4. d4 dxe4 5. Bc4 Bxe5 6. Qh5 Qe7 7. Qxe5 Qxe5
8. dxe5 Nc6 9. Nc3 Nxe5 10. Bb3 Nf6 11. Bf4 Ng6 12. Bxc7 O-O 13. O-O-O Bf5 14.
Kb1 Rac8 15. Bg3 h5 16. h3 h4 17. Bh2 a6 18. Rhe1 Rfe8 19. Nd5 Nxd5 20. Bxd5 e3
21. Rc1 exf2 22. Rf1 Re2 23. Bb3 Be4 24. g3 Bg2 25. gxh4 Bxf1 {Normal} 0-1

[Event "Rated Blitz game"]
[Site "?"]
[Date "2021.05.09"]
[Round "?"]
[White "papuchi43"]
[Black "DonCroccante"]
[Result "1-0"]
[WhiteElo "2405"]
[BlackElo "2333"]
[PlyCount "44"]
[EventDate "2021.??.??"]
[EventType "blitz"]

1. e4 e5 2. Nf3 d5 3. d4 dxe4 4. Nxe5 Bd6 5. Nc4 Nf6 6. Nxd6+ Qxd6 7. Bb5+ Bd7
8. Bxd7+ Nbxd7 9. O-O O-O-O 10. c4 Nb6 11. c5 Qxd4 12. Qxd4 Rxd4 13. cxb6 axb6
14. Be3 Rd3 15. Nc3 Ng4 16. Bf4 Rhd8 17. Nxe4 R8d4 18. f3 f5 19. fxg4 fxe4 20.
Be5 Rd7 21. Rf8+ Rd8 22. Bxg7 Re8 {Normal} 1-0

[Event "Rated Blitz game"]
[Site "?"]
[Date "2021.05.08"]
[Round "?"]
[White "kingsolver2018"]
[Black "anjaya01"]
[Result "1-0"]
[WhiteElo "2443"]
[BlackElo "2416"]
[PlyCount "111"]
[EventDate "2021.??.??"]
[EventType "blitz"]

1. e4 e5 2. Nf3 d5 3. Nxe5 Bd6 4. d4 dxe4 5. Bc4 Bxe5 6. dxe5 Qxd1+ 7. Kxd1 Nc6
8. Bf4 Bg4+ 9. Kc1 Nge7 10. c3 Ng6 11. Be3 Ngxe5 12. Nd2 Be6 13. Bxe6 fxe6 14.
Nxe4 O-O-O 15. Kc2 Ng4 16. Rae1 Rhf8 17. h3 Nxe3+ 18. Rxe3 e5 19. Rhe1 h6 20.
f3 b6 21. b4 a6 22. a4 Rd5 23. Rd3 Rfd8 24. Red1 Rxd3 25. Rxd3 Rd7 26. b5 axb5
27. axb5 Na5 28. Ng3 g6 29. h4 h5 30. Ne2 Nc4 31. Rxd7 Kxd7 32. Kd3 Nb2+ 33.
Ke4 Ke6 34. f4 exf4 35. Nxf4+ Kf7 36. Nd5 Na4 37. c4 Nc5+ 38. Kd4 Nb3+ 39. Ke5
Nd2 40. Nxc7 Nxc4+ 41. Kd5 Ne3+ 42. Kc6 Nxg2 43. Kxb6 Nxh4 44. Ka7 Nf5 45. b6
Nd6 46. Ka6 h4 47. Nb5 Nb7 48. Kxb7 h3 49. Nd6+ Ke6 50. Ne4 Ke5 51. Nf2 h2 52.
Ka6 Kf4 53. b7 Kf3 54. b8=Q Kxf2 55. Qxh2+ Kf3 56. Qh6 {Normal} 1-0

[Event "Rated Blitz game"]
[Site "?"]
[Date "2021.05.08"]
[Round "?"]
[White "Nikolaj_6"]
[Black "AsianLion"]
[Result "0-1"]
[WhiteElo "2634"]
[BlackElo "2678"]
[PlyCount "110"]
[EventDate "2021.??.??"]
[EventType "blitz"]

1. e4 e5 2. Nf3 d5 3. Nxe5 Bd6 4. d4 dxe4 5. Bc4 Bxe5 6. Qh5 Qe7 7. Qxe5 Qxe5
8. dxe5 Nc6 9. Bf4 Nge7 10. Nc3 Ng6 11. Bg3 Ncxe5 12. Bb3 Bd7 13. Nxe4 Bc6 14.
f3 Bxe4 15. fxe4 O-O-O 16. O-O f6 17. Rad1 Rhe8 18. h3 Nc6 19. Bd5 Nb4 20. c3
Nxd5 21. exd5 Re4 22. Rd2 Kd7 23. Rfd1 Rde8 24. b3 Re3 25. Rd3 Rxd3 26. Rxd3
Re2 27. a3 a5 28. c4 f5 29. Kf1 Ra2 30. a4 f4 31. Be1 Ne5 32. Rd4 Ra1 33. Ke2
b6 34. Bc3 Ra2+ 35. Rd2 Rxd2+ 36. Kxd2 Ng6 37. Ke2 Nh4 38. Kf2 g5 39. Bf6 h6
40. Bg7 Nf5 41. Bf8 h5 42. Ba3 Nd4 43. b4 Nc2 44. bxa5 Nxa3 45. a6 Kc8 46. h4
g4 47. g3 f3 48. c5 bxc5 49. a5 c4 50. a7 Kb7 51. a6+ Kxa7 52. d6 cxd6 53. Ke3
d5 54. Kd4 f2 55. Ke3 f1=Q {Normal} 0-1

[Event "Rated Blitz game"]
[Site "?"]
[Date "2021.05.08"]
[Round "?"]
[White "ElCHACAL664"]
[Black "anjaya01"]
[Result "0-1"]
[WhiteElo "2445"]
[BlackElo "2449"]
[PlyCount "60"]
[EventDate "2021.??.??"]
[EventType "blitz"]

1. e4 e5 2. Nf3 d5 3. Qe2 Bd6 4. exd5 Nf6 5. d3 O-O 6. Nc3 a6 7. Bg5 h6 8. Bxf6
Qxf6 9. Ne4 Qf4 10. Nxd6 cxd6 11. Qe3 Qb4+ 12. Nd2 Qxb2 13. Rb1 Qxc2 14. Be2
Qxa2 15. O-O Qxd5 16. Bf3 Qd4 17. Qxd4 exd4 18. Bxb7 Bxb7 19. Rxb7 a5 20. Nc4
d5 21. Nb6 Ra6 22. Nxd5 a4 23. h4 a3 24. Ra1 Nc6 25. Rb3 Ra5 26. Nb6 Rb8 27.
Rbb1 a2 28. Rb2 Ra6 29. Nc4 Rxb2 30. Nxb2 Nb4 {Normal} 0-1

[Event "Rated Blitz game"]
[Site "?"]
[Date "2021.05.08"]
[Round "?"]
[White "cyrilortega62"]
[Black "anjaya01"]
[Result "0-1"]
[WhiteElo "2420"]
[BlackElo "2438"]
[PlyCount "36"]
[EventDate "2021.??.??"]
[EventType "blitz"]

1. e4 e5 2. Nf3 d5 3. exd5 Bd6 4. Nc3 a6 5. d4 exd4 6. Qxd4 Nf6 7. Bg5 Nbd7 8.
Bd3 O-O 9. O-O h6 10. Qh4 hxg5 11. Nxg5 g6 12. Nce4 Kg7 13. f4 Rh8 14. Qf2 Rxh2
15. Rae1 Qh8 16. Nh3 Nxe4 17. Rxe4 Bc5 18. Rd4 Qxh3 {Normal} 0-1

[Event "Rated Blitz game"]
[Site "?"]
[Date "2021.05.08"]
[Round "?"]
[White "activo01"]
[Black "anjaya01"]
[Result "1-0"]
[WhiteElo "2298"]
[BlackElo "2427"]
[PlyCount "105"]
[EventDate "2021.??.??"]
[EventType "blitz"]

1. e4 e5 2. Nf3 d5 3. Nxe5 Bd6 4. d4 dxe4 5. Nc3 Nf6 6. Bg5 Bf5 7. Bc4 O-O 8.
O-O a6 9. Nd5 b5 10. Bb3 c5 11. Nxf7 Rxf7 12. dxc5 Be7 13. Nxf6+ Bxf6 14. Qxd8+
Bxd8 15. Bxd8 Nc6 16. Bxf7+ Kxf7 17. Bb6 h5 18. c3 Be6 19. b3 Kf6 20. Rae1 Kf5
21. f3 e3 22. Rxe3 h4 23. Rfe1 Bd5 24. Kf2 a5 25. g3 a4 26. g4+ Kf6 27. bxa4
Rxa4 28. R1e2 Bxa2 29. Re8 Bf7 30. R8e4 Ra3 31. Rf4+ Kg6 32. Rc2 Bb3 33. Rc1
Bc4 34. Re4 Ra2+ 35. Ke3 Rxh2 36. Rd1 Kg5 37. f4+ Kxg4 38. Rg1+ Kf5 39. Rg5+
Kf6 40. Re8 h3 41. Rf8+ Ke7 42. Rc8 Kd7 43. Rc7+ Ke8 44. Rgxg7 Re2+ 45. Kf3 Ne7
46. Ra7 Kf8 47. Rh7 Kg8 48. Rhxe7 Rxe7 49. Rxe7 Bd5+ 50. Kg3 Bg2 51. f5 Kf8 52.
f6 Kg8 53. c6 {Normal} 1-0

[Event "Rated Blitz game"]
[Site "?"]
[Date "2021.05.08"]
[Round "?"]
[White "redalertt"]
[Black "DonCroccante"]
[Result "1/2-1/2"]
[WhiteElo "2420"]
[BlackElo "2394"]
[PlyCount "142"]
[EventDate "2021.??.??"]
[EventType "blitz"]

1. e4 e5 2. Nf3 d5 3. Nxe5 Bd6 4. d4 dxe4 5. f4 exf3 6. Nxf3 Nf6 7. Bc4 O-O 8.
O-O h6 9. c3 Bg4 10. Be3 Nbd7 11. Nbd2 c5 12. Nb3 Rc8 13. Be2 b6 14. Nh4 Nd5
15. Bf2 Be6 16. c4 Nf4 17. d5 Bh3 18. Bg3 Qg5 19. Nf3 Qh5 20. gxh3 Nxh3+ 21.
Kg2 Bxg3 22. hxg3 Rce8 23. Rh1 Nf4+ 24. gxf4 Qg4+ 25. Kf2 Nf6 26. Nbd2 Qxf4 27.
Rh4 Ng4+ 28. Rxg4 Qxg4 29. Qg1 Qf4 30. Qg3 Qe3+ 31. Kg2 Qxe2+ 32. Qf2 Qd3 33.
Re1 f5 34. b3 g5 35. Ne5 Qd4 36. Ndf3 Qf4 37. Ng6 Qg4+ 38. Qg3 Qxg3+ 39. Kxg3
Rxe1 40. Nxe1 Re8 41. Nf3 Kf7 42. Nge5+ Kg7 43. Nc6 Re1 44. Kf2 Ra1 45. a4 g4
46. Nd2 Ra2 47. Ke3 f4+ 48. Kd3 Rxd2+ 49. Kxd2 g3 50. Ke2 f3+ 51. Kxf3 h5 52.
Kxg3 Kf6 53. Kh4 Kf7 54. Nxa7 Ke8 55. Nc8 Kd7 56. Nxb6+ Kd6 57. a5 Ke5 58. a6
Kd4 59. a7 Kc3 60. Nd7 Kd4 61. Nxc5 Kc3 62. a8=Q Kd4 63. Qb7 Kxc5 64. Qd7 Kd4
65. Kxh5 Kc3 66. d6 Kb2 67. Qc6 Kb1 68. d7 Kb2 69. d8=Q Kb1 70. Qcc7 Kb2 71. c5
Ka2 {Time forfeit} 1/2-1/2

[Event "Rated Rapid game"]
[Site "?"]
[Date "2021.05.08"]
[Round "?"]
[White "Djoniw_KotaBogor"]
[Black "Delyvj"]
[Result "0-1"]
[WhiteElo "2335"]
[BlackElo "2414"]
[PlyCount "26"]
[EventDate "2021.??.??"]
[EventType "rapid"]

1. e4 e5 2. Nf3 d5 3. Nxe5 dxe4 4. Bc4 Qg5 5. Nxf7 Qxg2 6. Qh5 Qxh1+ 7. Bf1 g6
8. Qe5+ Kxf7 9. Qxh8 Nf6 10. d3 Bh3 11. Nd2 Nc6 12. dxe4 Bb4 13. Qxa8 Qxf1# {
Normal} 0-1

[Event "Rated Blitz game"]
[Site "?"]
[Date "2021.05.08"]
[Round "?"]
[White "Nikolaj_6"]
[Black "AsianLion"]
[Result "1-0"]
[WhiteElo "2636"]
[BlackElo "2678"]
[PlyCount "99"]
[EventDate "2021.??.??"]
[EventType "blitz"]

1. e4 e5 2. Nf3 d5 3. Nxe5 Bd6 4. d4 dxe4 5. Bc4 Bxe5 6. Qh5 Qe7 7. Qxe5 Qxe5
8. dxe5 Nc6 9. Nc3 Nge7 10. e6 Bxe6 11. Bxe6 fxe6 12. Be3 Nd5 13. Nxe4 Nxe3 14.
fxe3 Nb4 15. O-O-O b6 16. c3 Nd5 17. Rhe1 Ke7 18. Ng5 Rad8 19. g3 Nf6 20. Nf3
Rxd1+ 21. Kxd1 c5 22. Ke2 Ne4 23. Nd2 Nd6 24. Rf1 h5 25. e4 h4 26. g4 a5 27. a4
Rb8 28. e5 Nf7 29. Nc4 Rd8 30. Rd1 Rd5 31. h3 Ng5 32. Rh1 Nf7 33. Nxb6 Rxe5+
34. Kd3 Nd6 35. b3 Ne4 36. Rh2 Ng5 37. Nc4 Re1 38. Nxa5 e5 39. Ra2 e4+ 40. Kc4
e3 41. Nb7 Nxh3 42. Nxc5 Nf4 43. Nd3 Nxd3 44. Kxd3 h3 45. a5 e2 46. a6 h2 47.
a7 h1=Q 48. a8=Q Rd1+ 49. Kxe2 Qf1+ 50. Ke3 {Time forfeit} 1-0

[Event "Rated Blitz tournament gN9GsEKt"]
[Site "?"]
[Date "2021.05.08"]
[Round "?"]
[White "Dhmayer"]
[Black "JellalFernandes"]
[Result "0-1"]
[WhiteElo "2267"]
[BlackElo "2600"]
[PlyCount "56"]
[EventDate "2021.??.??"]
[EventType "blitz"]

1. e4 e5 2. Nf3 d5 3. exd5 Bd6 4. Nc3 Nf6 5. d3 O-O 6. Bg5 Nbd7 7. Qd2 h6 8.
Bh4 Re8 9. O-O-O Nf8 10. Ne4 N8h7 11. h3 Be7 12. Nxe5 Qxd5 13. Nc4 Nxe4 14.
dxe4 Qxd2+ 15. Rxd2 Bxh4 16. g3 Be7 17. f4 Bc5 18. Kb1 Nf6 19. e5 Ne4 20. Rg2
Be6 21. Bd3 Nf2 22. Rf1 Nxd3 23. cxd3 Bf5 24. Kc2 Rad8 25. Rd1 Rd4 26. Kc3 Red8
27. Rgd2 b5 28. Na5 Bb4+ {Normal} 0-1

[Event "Rated Blitz game"]
[Site "?"]
[Date "2021.05.08"]
[Round "?"]
[White "Handy-Andy"]
[Black "BigLion5555"]
[Result "0-1"]
[WhiteElo "2493"]
[BlackElo "2538"]
[PlyCount "60"]
[EventDate "2021.??.??"]
[EventType "blitz"]

1. e4 e5 2. Nf3 d5 3. exd5 e4 4. Nd4 Qxd5 5. Nb3 Nf6 6. Nc3 Qf5 7. Be2 Bd6 8.
O-O O-O 9. d3 Qe5 10. g3 Bh3 11. Re1 Nc6 12. dxe4 Nxe4 13. Bf3 Nxc3 14. bxc3
Qf6 15. Nd4 Ne5 16. Bxb7 Rab8 17. Bh1 c5 18. Nf3 Bg4 19. Re3 Rbe8 20. Bb2 Nxf3+
21. Rxf3 Bxf3 22. Bxf3 Be5 23. Ba3 Bxc3 24. Rb1 Re1+ 25. Qxe1 Bxe1 26. Kg2 Bb4
27. Bc1 Rd8 28. Be3 h6 29. a3 Bxa3 30. Bxc5 Bxc5 {Normal} 0-1

[Event "Rated Blitz game"]
[Site "?"]
[Date "2021.05.08"]
[Round "?"]
[White "cyrilortega62"]
[Black "DonCroccante"]
[Result "0-1"]
[WhiteElo "2417"]
[BlackElo "2396"]
[PlyCount "38"]
[EventDate "2021.??.??"]
[EventType "blitz"]

1. e4 e5 2. Nf3 d5 3. exd5 e4 4. Ne5 Bd6 5. d4 Nf6 6. Nd3 exd3 7. Bxd3 Nxd5 8.
O-O Qh4 9. g3 Qh3 10. Be4 Nf6 11. Bg2 Qh5 12. Re1+ Kf8 13. Qd3 Nc6 14. c4 Bf5
15. Qb3 Nxd4 16. Qxb7 Rd8 17. Na3 Ne2+ 18. Kf1 Bd3 19. Qb3 Nxc1+ {Normal} 0-1

[Event "Rated Blitz tournament may21bta"]
[Site "?"]
[Date "2021.05.08"]
[Round "?"]
[White "WB2019"]
[Black "KrAKeN_1"]
[Result "0-1"]
[WhiteElo "2488"]
[BlackElo "2485"]
[PlyCount "82"]
[EventDate "2021.??.??"]
[EventType "blitz"]

1. e4 e5 2. Nf3 d5 3. exd5 e4 4. Qe2 Nf6 5. Nc3 Be7 6. Nxe4 Nxd5 7. c3 O-O 8.
d4 Re8 9. Be3 f5 10. Ned2 f4 11. Qc4 fxe3 12. fxe3 Be6 13. O-O-O Bf6 14. Ne4
Nxe3 15. Nxf6+ Qxf6 16. Qa4 Bd7 17. Qb3+ Be6 18. Qa4 Nd7 19. Re1 Nb6 20. Qb5
Qf4 21. Qg5 Qxg5 22. Nxg5 Bxa2 23. Bd3 h6 24. Ne4 Ned5 25. Nd2 Nf4 26. Be4 Bd5
27. g3 Bxe4 28. Rxe4 Rxe4 29. Nxe4 Re8 30. Nc5 Nfd5 31. Nxb7 Re2 32. Na5 Na4
33. Nc4 c5 34. Rd1 Ndb6 35. Nxb6 axb6 36. d5 Kf8 37. Rf1+ Ke7 38. Rf4 Nxb2 39.
Rg4 Nd3+ 40. Kd1 Nf2+ 41. Kxe2 Nxg4 {Normal} 0-1

[Event "Rated Blitz tournament may21bta"]
[Site "?"]
[Date "2021.05.08"]
[Round "?"]
[White "maciek_92"]
[Black "mutdpro"]
[Result "0-1"]
[WhiteElo "2612"]
[BlackElo "2763"]
[PlyCount "72"]
[EventDate "2021.??.??"]
[EventType "blitz"]

1. e4 e5 2. Nf3 d5 3. Nxe5 Bd6 4. d4 dxe4 5. Nc4 Nf6 6. Nc3 O-O 7. Be2 h6 8.
Be3 Re8 9. Nxd6 Qxd6 10. Qd2 a6 11. O-O-O Nc6 12. Bf4 Qe7 13. h3 b5 14. g4 b4
15. Na4 Nd5 16. Be3 Be6 17. Kb1 Rad8 18. Nc5 a5 19. Bb5 Qd6 20. Qe2 Rb8 21. Ba4
Red8 22. Nxe4 Qe7 23. Nc5 Bd7 24. Qf3 Be8 25. h4 Na7 26. g5 Bxa4 27. Nxa4 Qd7
28. Nc5 Qc6 29. Ka1 h5 30. Qxh5 a4 31. Rhg1 g6 32. Qf3 b3 33. cxb3 axb3 34. h5
Nb4 35. hxg6 Qxf3 36. gxf7+ Qxf7 {Normal} 0-1

[Event "Rated Blitz game"]
[Site "?"]
[Date "2021.05.08"]
[Round "?"]
[White "redalertt"]
[Black "anjaya01"]
[Result "0-1"]
[WhiteElo "2397"]
[BlackElo "2414"]
[PlyCount "104"]
[EventDate "2021.??.??"]
[EventType "blitz"]

1. e4 e5 2. Nf3 d5 3. Nxe5 Bd6 4. d4 dxe4 5. f4 exf3 6. Nxf3 Nf6 7. Bd3 O-O 8.
O-O c5 9. Bg5 cxd4 10. Nxd4 Bc5 11. c3 Bxd4+ 12. cxd4 Qxd4+ 13. Kh1 Ne4 14. Nc3
Nf2+ 15. Rxf2 Qxf2 16. Qh5 g6 17. Qh6 Qd4 18. Rd1 Qg7 19. Qh4 f6 20. Bc4+ Kh8
21. Bh6 Nc6 22. Bxg7+ Kxg7 23. h3 h5 24. Rd6 Bf5 25. Nd5 Ne5 26. Nxf6 Nxc4 27.
Nxh5+ Kg8 28. Qxc4+ Kh7 29. Qh4 Kg8 30. Nf6+ Rxf6 31. Qxf6 Rf8 32. Qe7 Rf7 33.
Rd8+ Kg7 34. Qe8 Kf6 35. Qh8+ Kg5 36. g3 Be4+ 37. Kg1 Bc6 38. Qe5+ Rf5 39. Qe7+
Rf6 40. Rh8 Kf5 41. Rd8 Re6 42. g4+ Ke5 43. Qc5+ Kf6 44. Rf8+ Kg7 45. Rd8 Re1+
46. Kf2 Re2+ 47. Kxe2 b6 48. Kf2 bxc5 49. Rc8 Bd7 50. Rc7 Kf6 51. Rxd7 Ke5 52.
Rc7 g5 {Time forfeit} 0-1